000 00529nam a22001697a 4500
003 OSt
005 20120302151030.0
008 090914t xxu||||| |||| 00| 0 eng d
035 _a१३८९१
040 _cमराठी
100 _aसोवनी,म.वि.
_98779
245 _aमहाराष्ट्र दर्शनः कला दर्शन ( भाग ९ )
250 _a१ ली
260 _aपुणे
_bअतुल
_c१९८६
300 _b५९ पाने
942 _2ddc
_cBOOK
999 _c493600
_d493597